| 000 | 00348cam a22001217a 4500 | ||
|---|---|---|---|
| 008 | 180718b1987 xxu||||| |||| 00| 0 eng d | ||
| 082 | _aA99 N315/P273s | ||
| 245 |
_aStudies on Nehru _cedited by V.T. Patil |
||
| 260 |
_aDelhi _bSterling _c1987 |
||
| 300 | _a412p. | ||
| 650 | _aNehru, Jawaharlal - Criticism and interpretation | ||
| 700 | _aPatil, V.T. | ||
| 999 |
_c351770 _d351770 |
||